Welcome to the Holygrace Academy Library

Please use search bar below to get started

SANDSTORM (Record no. 3473)

MARC details
000 -LEADER
fixed length control field 00244nam a22001217a 4500
082 ## - DEWEY DECIMAL CLASSIFICATION NUMBER
Classification number 823
Item number PAS/S
100 ## - MAIN ENTRY--AUTHOR NAME
Personal name PASHA,NIKKI
245 ## - TITLE STATEMENT
Title SANDSTORM
260 ## - PUBLICATION, DISTRIBUTION, ETC. (IMPRINT)
Place of publication BOMBAY
Name of publisher RUPA &CO
300 ## - PHYSICAL DESCRIPTION
Number of Pages 142
650 ## - SUBJECT ADDED ENTRY--TOPICAL TERM
Topical Term ENGLISH NOVEL
Geographic subdivision BOMBAY
942 ## - ADDED ENTRY ELEMENTS (KOHA)
Koha item type Books
Holdings
Withdrawn status Lost status Collection code Home library Current library Shelving location Date acquired Source of acquisition Full call number Accession Number Koha item type
    Fiction Main Library Main Library SHELF 2-J-ENGLISH NOVELS FOR TEACHERS 28/01/2019 PURCHASE 823 PAS/S 10743 Books